Responses for Show #4965 - Friday, March 24, 2006

Contestants

[<< previous game]

Louise Hauser, a food pantry supervisor originally from Brooklyn, New York

Lars Jacobsen, a teacher from Burlington, Vermont

Ed Angleton, a biochemist from Indianapolis, Indiana (whose 1-day cash winnings total $9,199)

[next game >>]

Jeopardy! Round responses

INSECTS
QUOTABLE CINEMA
(Alex: You have to identify the film, of course.)
AMERICANA
HARLEY-DAVIDSON
A LIFE OF CRIME
"RAP" SHEET
    $200 21
a flea

Ed
    $200 1
(Alex: Yeah, I did that terribly. Margaret Hamilton is rolling over in her grave right now.)

The Wizard of Oz

Lars
    $200 6
Idaho

Lars
    $200 22
horsepower

Ed
    $200 13
Sherlock Holmes

Lars
    $200 8
Rapids

Lars
    $400 27
(Louise: What are weevils?)
(Ed: What are grubs?)

the potato beetle

EdLouise
Triple Stumper
    $400 2
King Kong

Lars
    $400 7
Oahu

Louise
    $400 23
a scooter

Ed
    $400 15
drugs

Ed
    $400 9
rapport

Louise
    $600 28
the monarch

Ed
    $600 3
Network

Lars
    $600 14
Graceland

Ed
    $600 24
"Hogs"

Lars
    $600 16
Meyer Lansky

Lars
    $600 10
the Raptors

Lars
    $800 29
wasps

Ed
    $800 4
When Harry Met Sally...

Lars
    $800 19
the watermelon

Louise
    $800 25
Sturgis (South Dakota)

Ed
    $800 17
fingerprints

Louise
    $800 11
Rappaport

Louise
    $1,000 30
a larva

Ed
    $1000 5
(Alex: You got it, ran the category, $3,000!)

In the Heat of the Night

Lars
    $1000 20
Virginia

Lars
    $1000 26
Pershing

Ed
    $1000 18
(Louise: Who is Dillinger?)

"Machine Gun" Kelly

Louise
Triple Stumper
    $1000 12
a rapscallion

Louise

Scores at the first commercial break (after clue 15):

Ed Lars Louise
$1,000 $4,200 $2,600

Scores at the end of the Jeopardy! Round:

Ed Lars Louise
$5,600 $6,400 $2,800

Double Jeopardy! Round responses

TAKE ME TO YOUR LEADER
I MARRIED ELIZABETH TAYLOR
THE NORTHERNMOST CAPITAL CITY
MEN OF THE "C"
LITERATURE
WORD ORIGINS
    $400 3
South Africa

Ed
    $400 5
Richard Burton

Lars
    $400 21
Copenhagen

Louise
    $400 11
(Al) Capp

Lars
    $400 26
a frog

Ed
    $400 1
skis

Louise
    $800 4
Abbas

Lars
    $800 6
(Alex: Again, yeah. Lucky guy.)

Richard Burton

Ed
    $800 22
Bogota

Ed
    $800 17
(Alex: [*]--the "Jabberwocky".)

(Lewis) Carroll

Louise
    $800 27
(Lars: What is Wuthering Heights?)
...
(Alex: The novel was [*]. Wuthering Heights was by her sister.)

Jane Eyre

Lars
Triple Stumper
    $800 2
elbow

Ed
    $1200 8
Sadat

Ed
    $1200 7
(Alex: And that was [*] who also married Elizabeth Taylor.)

Eddie Fisher

Triple Stumper
    $1200 23
Warsaw

Ed
    $1200 18
(Aleister) Crowley

Lars
    $1200 28
(Ed: What is Pride and Prejudice?)
(Lars: What is [*]? ...Whew!)

Sense and Sensibility

EdLars
    $1,200 14
(Louise: Oh. Uh... What is a quetzal?)

the rhea

Louise
    $1600 9
the Sepoys

Triple Stumper
    $1600 12
John Warner

Louise
    $1600 24
Oslo

Ed
    $1600 19
Juan Rodriguez Cabrillo

Triple Stumper
    $6,000 29
(Lars: Who... who is...)
(Alex: Anything?)
(Lars: Nah. I'm blanking.)
(Alex: Christian was Christian De Neuvillette, and his friend was [*], and they were both in love with Roxane.)

Cyrano de Bergerac

Lars
    $1600 15
decant

Ed
    $2000 10
Megawarti Sukarnoputri

Triple Stumper
    $2000 13
(Alex: Hey, you knew him! Way to go!)

Fortensky

Louise
    $2000 25
Brussels

Ed
    $2000 20
"Wrong Way" Corrigan

Triple Stumper
    $2000 30
(Ed: Who is Anna Karenina?)

Ivan Ilyich

Ed
Triple Stumper
    $2000 16
(Louise: What is heliotrope?)

verdigris

Louise
Triple Stumper

Scores at the end of the Double Jeopardy! Round:

Ed Lars Louise
$13,200 $3,600 $4,800
(lock game)

[wagering suggestions for these scores]

Final Jeopardy! Round responses

HISTORIC NAMES
(Alex: Jefferson was a little bit involved there, but we can't get into that now.)
...
(Alex: 12 years after [*] interceded, he got into a fight with Hamilton. Hamilton must have been some kind of tough little kid but [*] blew him away.)
LarsWho is Jefferson
$3,000
LouiseWho was Aaron Burr?
$2,401
EdWho is A. Burr?
$3,200
Aaron Burr

Final scores:

Ed Lars Louise
$16,400 $600 $7,201
2-day champion: $25,599 3rd place: $1,000 2nd place: $2,000

Game dynamics:

Coryat scores:

Ed Lars Louise
$13,200 $9,600 $6,000
20 R
(including 1 DD),
3 W
17 R,
2 W
(including 1 DD)
11 R,
4 W
(including 1 DD)

Combined Coryat: $28,800

[game clues] [game scores] [suggest correction]

Game tape date: Unknown
The J! Archive is created by fans, for fans. Scraping, republication, monetization, and malicious use prohibited; this site may use cookies and collect identifying information. See terms. The Jeopardy! game show and all elements thereof, including but not limited to copyright and trademark thereto, are the property of Jeopardy Productions, Inc. and are protected under law. This website is not affiliated with, sponsored by, or operated by Jeopardy Productions, Inc. Join the discussion at JBoard.tv.